Mugabe, Robert Gabriel : "souillure" or not "souillure"? (Record no. 2867)

MARC details
000 -LEADER
fixed length control field 01255cam a2200373 a 4500
001 - CONTROL NUMBER
control field ocn639954014
003 - CONTROL NUMBER IDENTIFIER
control field TZ-ArACH
005 - DATE AND TIME OF LATEST TRANSACTION
control field 20200212170018.0
008 - FIXED-LENGTH DATA ELEMENTS--GENERAL INFORMATION
fixed length control field 100409s2009 fr b 000 0bfre
010 ## - LIBRARY OF CONGRESS CONTROL NUMBER
LC control number 2010453189
016 7# - NATIONAL BIBLIOGRAPHIC AGENCY CONTROL NUMBER
Record control number 015791407
Source Uk
020 ## - INTERNATIONAL STANDARD BOOK NUMBER
International Standard Book Number 9782296104464
020 ## - INTERNATIONAL STANDARD BOOK NUMBER
International Standard Book Number 2296104460
035 ## - SYSTEM CONTROL NUMBER
System control number (OCoLC)639954014
040 ## - CATALOGING SOURCE
Original cataloging agency DLC
Language of cataloging eng
Transcribing agency TZ-ArACH
Modifying agency ZCU
-- NYP
-- UKMGB
041 ## - LANGUAGE CODE
Language code of text/sound track or separate title Fre
043 ## - GEOGRAPHIC AREA CODE
Geographic area code f-rh---
049 ## - LOCAL HOLDINGS (OCLC)
Holding library TZAA
050 00 - LIBRARY OF CONGRESS CALL NUMBER
Classification number DT3000
Item number .M28
100 1# - MAIN ENTRY--PERSONAL NAME
Personal name Lique, René-Jacques,
Dates associated with a name 1954-
9 (RLIN) 14088
245 10 - TITLE STATEMENT
Title Mugabe, Robert Gabriel : "souillure" or not "souillure"?
Remainder of title "souillure" or not "souillure"? /
Statement of responsibility, etc René-Jacques Lique.
260 ## - PUBLICATION, DISTRIBUTION, ETC. (IMPRINT)
Place of publication, distribution, etc Paris :
Name of publisher, distributor, etc Harmattan,
Date of publication, distribution, etc 2009.
300 ## - PHYSICAL DESCRIPTION
Extent 460 p. ;
Dimensions 24 cm.
490 1# - SERIES STATEMENT
Series statement Grandes figures d'Afrique
504 ## - BIBLIOGRAPHY, ETC. NOTE
Bibliography, etc Includes bibliographical references.
600 10 - SUBJECT ADDED ENTRY--PERSONAL NAME
Personal name Mugabe, Robert Gabriel,
Dates associated with a name 1924-
9 (RLIN) 14089
650 #0 - SUBJECT ADDED ENTRY--TOPICAL TERM
Topical term or geographic name as entry element Presidents
Geographic subdivision Zimbabwe
Form subdivision Biography.
9 (RLIN) 14090
651 #0 - SUBJECT ADDED ENTRY--GEOGRAPHIC NAME
Geographic name Zimbabwe
General subdivision Politics and government
Chronological subdivision 1980-
9 (RLIN) 14091
651 #0 - SUBJECT ADDED ENTRY--GEOGRAPHIC NAME
Geographic name Zimbabwe
General subdivision Foreign relations
Chronological subdivision 1980-
9 (RLIN) 14092
651 #0 - SUBJECT ADDED ENTRY--GEOGRAPHIC NAME
Geographic name Zimbabwe
General subdivision Economic conditions
Chronological subdivision 1980-
9 (RLIN) 14093
651 #0 - SUBJECT ADDED ENTRY--GEOGRAPHIC NAME
Geographic name Zimbabwe
General subdivision Social conditions
Chronological subdivision 1980-
9 (RLIN) 14094
830 #0 - SERIES ADDED ENTRY--UNIFORM TITLE
Uniform title Grandes figures d'Afrique.
9 (RLIN) 14095
942 ## - ADDED ENTRY ELEMENTS (KOHA)
Source of classification or shelving scheme Library of Congress Classification
Koha item type Books
Holdings
Home library Current library Shelving location Date acquired Full call number Barcode Koha item type
African Court on Human and Peoples' Rights Library African Court on Human and Peoples' Rights Library   09/05/2014 DT3000 .M28 10032045 Books
African Court on Human and Peoples' Rights Library African Court on Human and Peoples' Rights Library   09/05/2014 DT3000 .M28 10032010 Books
African Court on Human and Peoples' Rights Library African Court on Human and Peoples' Rights Library   12/02/2020 DT3000 .M28 10207708 Books

African Court on Human and Peoples' Rights | For Inquiries Contact » +255 272 510 510